000
00357nam a2200133Ia 4500
003
GCL
008
140319s9999 xx 000 0 ara d
040
_a
GCL /
_c
GCL
082
0
4
_a
813.03
_b
ا ق
245
1
0
_a
القبر المجهول او الاصول
260
_a
[S.N] :
_b
الدار التونسية للنشر ،
_c
1984
300
_a
256 ص
490
_a
999
_c
35369
_d
35369